| 000 -LEADER |
| fixed length control field |
00725nam a2200241Ia 4500 |
| 001 - CONTROL NUMBER |
| control field |
16468 |
| 003 - CONTROL NUMBER IDENTIFIER |
| control field |
GE_BSU |
| 008 - FIXED-LENGTH DATA ELEMENTS--GENERAL INFORMATION |
| fixed length control field |
181216s||||||||xx |||||||||||||| ||und|| |
| 020 ## - INTERNATIONAL STANDARD BOOK NUMBER |
| International Standard Book Number |
978-2011558176 |
| 040 ## - CATALOGING SOURCE |
| Transcribing agency |
GE_BSU |
| 080 ## - UNIVERSAL DECIMAL CLASSIFICATION NUMBER |
| Universal Decimal Classification number |
811.133.1 |
| 100 ## - MAIN ENTRY--PERSONAL NAME |
| Personal name |
Berthet,Annie. emanuel daill,Caterine Hugont, Véronique M Kizirian, Béatrix Sampsonis,Monique Waendendries |
| 245 ## - TITLE STATEMENT |
| Title |
Alter Ego + A2 |
| 245 ## - TITLE STATEMENT |
| Remainder of title |
Guide pédagogique : methode de francais |
| 260 ## - PUBLICATION, DISTRIBUTION, ETC. |
| Place of publication, distribution, etc. |
Paris |
| 260 ## - PUBLICATION, DISTRIBUTION, ETC. |
| Name of publisher, distributor, etc. |
Hachette Français Langue Etrangère |
| 260 ## - PUBLICATION, DISTRIBUTION, ETC. |
| Date of publication, distribution, etc. |
2013 |
| 300 ## - PHYSICAL DESCRIPTION |
| Extent |
240 pages: ill.;28cm. |
| 653 ## - INDEX TERM--UNCONTROLLED |
| Uncontrolled term |
Alter Ego + A2 |
| 653 ## - INDEX TERM--UNCONTROLLED |
| Uncontrolled term |
ფრანგული ენა,გრამატიკა |
| 942 ## - ADDED ENTRY ELEMENTS (KOHA) |
| Koha item type |
წიგნი |